Normal view
MARC view
Entry Corporate Name
001 - CONTROL NUMBER
- control field: 15756
003 - CONTROL NUMBER IDENTIFIER
- control field: ARRUPE
005 - DATE AND TIME OF LATEST TRANSACTION
- control field: 20150304143324.0
008 - FIXED-LENGTH DATA ELEMENTS
- fixed length control field: 150304|| aca||aabn | a|a d
040 ## - CATALOGING SOURCE
- Original cataloging agency: ARRUPE
- Transcribing agency: ARRUPE
110 ## - HEADING--CORPORATE NAME
- Corporate name or jurisdiction name as entry element: Alan E. Farley
670 ## - SOURCE DATA FOUND
- Source citation: Work cat.: (ARRUPE): Alexandroff, Paul 15755, Elementary concepts of topology , 1965